| 000 | 01163 a2200193 4500 | ||
|---|---|---|---|
| 003 | Nust | ||
| 005 | 20170207153444.0 | ||
| 010 | _a 75031921 | ||
| 020 | _a0135626293 | ||
| 040 | _cNust | ||
| 082 | 0 | 0 | _a510.2462138 |
| 100 | 1 | _aThomson, Charles M. | |
| 245 | 1 | 0 |
_aMathematics for electronics / _cCharles M. Thomson. |
| 260 |
_aEnglewood Cliffs, N.J. : _bPrentice-Hall, _c1976. |
||
| 300 |
_axx, 634 p. : _bill. ; _c24 cm. |
||
| 500 | _aIncludes index. | ||
| 505 | _aIntroduction (Page-1) Algebraic Procedures (Page-6) Operations with sign numbers (Page-15) Operations involving algebraic (Page-28) Equations and formulas (Page-37) Scientific notation, measurements and units (Page-52) Resistance (Page-66) Series Circuit (Page-80) Parallel Circuit (Page-94) Algebraic Products and Factoring (Page-118) Fractions and fractional Equations (Page-131) Voltage dividers (Page-147) Measurement of current (Page-160) Measurement of voltage (Page-172) Measurement of resistance (Page-179) Batteries (Page-189) Function and Graphs (Page-198) Simultaneous Equations (Page-220) Determinates (Page-240) Exponents and Radicals (Page-252) | ||
| 650 | 0 |
_aElectronics _xMathematics. |
|
| 942 |
_2ddc _cBK |
||
| 999 |
_c186595 _d186595 |
||